Environment : (Record no. 4675)
[ view plain ]
| 000 -LEADER | |
|---|---|
| fixed length control field | 01094nam a22004692 4500 |
| 001 - CONTROL NUMBER | |
| control field | 0000025276 |
| 003 - CONTROL NUMBER IDENTIFIER | |
| control field | |
| 005 - DATE AND TIME OF LATEST TRANSACTION | |
| control field | 20151217145957.0 |
| 008 - FIXED-LENGTH DATA ELEMENTS--GENERAL INFORMATION | |
| fixed length control field | 150511s xx 000 0 eng d |
| 010 ## - LIBRARY OF CONGRESS CONTROL NUMBER | |
| LC control number | |
| 020 ## - INTERNATIONAL STANDARD BOOK NUMBER | |
| International Standard Book Number | 0300110777 : |
| Terms of availability | |
| 040 ## - CATALOGING SOURCE | |
| Original cataloging agency | KABU |
| Transcribing agency | KABU |
| 041 1# - LANGUAGE CODE | |
| Language code of text/sound track or separate title | |
| Language code of summary or abstract | |
| Language code of original | |
| 100 1# - MAIN ENTRY--PERSONAL NAME | |
| Personal name | |
| Dates associated with a name | |
| 240 1# - UNIFORM TITLE | |
| Uniform title | |
| 245 10 - TITLE STATEMENT | |
| Title | Environment : |
| Remainder of title | An interdisciplinary anthology / |
| Statement of responsibility, etc. | Glenn Adelson. |
| 246 3# - VARYING FORM OF TITLE | |
| Title proper/short title | |
| 250 ## - EDITION STATEMENT | |
| Edition statement | |
| 260 ## - PUBLICATION, DISTRIBUTION, ETC. (IMPRINT) | |
| Place of publication, distribution, etc. | London : |
| Name of publisher, distributor, etc. | Yale University Press, |
| Date of publication, distribution, etc. | 2008. |
| 300 ## - PHYSICAL DESCRIPTION | |
| Extent | xxii,950 p. : |
| Other physical details | ill. ; |
| Dimensions | |
| 440 #0 - SERIES STATEMENT/ADDED ENTRY--TITLE | |
| Title | |
| 500 ## - GENERAL NOTE | |
| General note | |
| 504 ## - BIBLIOGRAPHY, ETC. NOTE | |
| Bibliography, etc | |
| 505 0# - FORMATTED CONTENTS NOTE | |
| Formatted contents note | |
| 520 ## - SUMMARY, ETC. | |
| Summary, etc. | |
| 521 2# - TARGET AUDIENCE NOTE | |
| Target audience note | |
| 590 ## - LOCAL NOTE (RLIN) | |
| Local note | |
| 591 ## - | |
| -- | |
| -- | |
| 600 10 - SUBJECT ADDED ENTRY--PERSONAL NAME | |
| Personal name | |
| Dates associated with a name | |
| 610 20 - SUBJECT ADDED ENTRY--CORPORATE NAME | |
| Corporate name or jurisdiction name as entry element | |
| Subordinate unit | |
| 650 #0 - SUBJECT ADDED ENTRY--TOPICAL TERM | |
| Topical term or geographic name as entry element | Environment |
| General subdivision | Philosopy. |
| -- | 0000185806 |
| 650 #0 - SUBJECT ADDED ENTRY--TOPICAL TERM | |
| Topical term or geographic name as entry element | Environmental Science |
| General subdivision | Philosophy. |
| -- | 0000185807 |
| 651 #0 - SUBJECT ADDED ENTRY--GEOGRAPHIC NAME | |
| Geographic name | |
| General subdivision | |
| 690 ## - LOCAL SUBJECT ADDED ENTRY--TOPICAL TERM (OCLC, RLIN) | |
| Topical term or geographic name as entry element | |
| 700 1# - ADDED ENTRY--PERSONAL NAME | |
| Personal name | Adelson, Glenn, |
| Dates associated with a name | |
| -- | 0000185808 |
| 700 1# - ADDED ENTRY--PERSONAL NAME | |
| Personal name | Engel, James. |
| -- | 0000185809 |
| 700 1# - ADDED ENTRY--PERSONAL NAME | |
| Personal name | Ranalli, Brent. |
| -- | 0000185810 |
| 710 2# - ADDED ENTRY--CORPORATE NAME | |
| Corporate name or jurisdiction name as entry element | |
| Subordinate unit | |
| 740 02 - ADDED ENTRY--UNCONTROLLED RELATED/ANALYTICAL TITLE | |
| Uncontrolled related/analytical title | |
| 908 ## - PUT COMMAND PARAMETER (RLIN) | |
| Put command parameter | 150511 |
| Withdrawn status | Lost status | Source of classification or shelving scheme | Not for loan | Home library | Current library | Date acquired | Total Checkouts | Full call number | Barcode | Date last seen | Price effective from | Koha item type |
|---|---|---|---|---|---|---|---|---|---|---|---|---|
| Library of Congress Classification | Kabarak, Main Campus | Kabarak, Main Campus | 17/12/2015 | GE40 .E58 2008 C.1 | 016876 | 17/12/2015 | 17/12/2015 | General Collection |